Tutankhamon (Registo nº 4098)

Detalhes MARC
000 -Etiqueta do registo
Cabeçalho 00708nam a2200241 4500
005 - Identificador da versão
Campo de controlo 20240904095956.0
010 ## - Número internacional normalizado dos livros (ISBN)
Número (ISBN) 9722615815
100 ## - Dados gerais de processamento
Dados gerais de processamento 20003072d1999 a y0pory5003 ba
101 1# - Língua de publicação
Língua do texto, banda sonora, etc. Português
Língua do documento no original Inglês
102 ## - Pais de publicação ou produção
País de publicação Portugal
200 1# - Titulo e menção de responsabilidade
Título próprio Tutankhamon
Informação de outro título a vida e a morte de um faraó
Primeira menção de responsabilidade David Murdoch
Outras menções de responsabilidade il. de Chris Forsey, Anne Yvonne Gilbert e Eric Thomas
210 ## - Publicação, Distribuição, etc. 
Lugar da edição, distribuição, etc. Porto
Nome do editor, distribuidor, etc. Civilização
Data da publicação, distribuição, etc. 1999
215 ## - Descrição física 
Indicação específica da natureza do documento e extensão da espécie 47p.
Outras indicações físicas il.
Dimensões 29cm
225 1# - Colecção 
Título próprio da colecção Descobrir
675 ## - Classificação Decimal Universal (CDU)
Notação 930
Edição 2
Língua da edição por
Notação 930.9"15"
Edição 2
Língua da edição por
700 #1 - Nome de autor-pessoa física (responsabilidade principal)
Número de registo de entrada de autoridade 0000683
Palavra de ordem Murdoch
Outra parte do nome não tomada para palavra de ordem David
702 #1 - Nome de autor-pessoa física (responsabilidade secundária)
Número de registo de entrada de autoridade 0000684
Palavra de ordem Forsey
Outra parte do nome não tomada para palavra de ordem Chris
Código de função Ilustrador / Técnico de desenho computorizado
Número de registo de entrada de autoridade 0000685
Palavra de ordem Gilbert
Outra parte do nome não tomada para palavra de ordem Anne Yvonne
Código de função Ilustrador / Técnico de desenho computorizado
Número de registo de entrada de autoridade 0000686
Palavra de ordem Thomas
Outra parte do nome não tomada para palavra de ordem Eric
Código de função Ilustrador / Técnico de desenho computorizado
942 ## - Elementos de entrada adicionados (Koha)
Tipo de item no Koha Livro
Exemplares
Situação do levantamento Origin of item (home branch) (coded) Biblioteca de empréstimo Código de barras Cota Circulation type (not for loan) Tipo de documento Nota do exemplar Damaged status
  Biblioteca Escolar das Vendas Biblioteca Escolar das Vendas BEV847 9UNI MUR   Livro Sem mensagem